| 000 | 00000nam##2200000za#4500 |
| 001 | 9.632926 |
| 003 | CaOODSP |
| 005 | 20210624215054 |
| 007 | cr ||||||||||| |
| 008 | 150407|1995||||xxc|||||o f|0| 0 fre|d |
| 040 | |aCaOODSP|bfre |
| 043 | |an-cn--- |
| 086 | 1 |aSW21-15/1995F-PDF |
| 110 | 1 |aCanada. |bCondition féminine Canada. |
| 245 | 10|aÀ l'aube du XXIe siècle : |h[ressource électronique]|bplan fédéral pour l'égalité entre les sexes |
| 260 | |aOttawa - Ontario : |bCondition féminine Canada |c1995. |
| 300 | |a80p.|bindex |
| 500 | |a«Le Canada, à l'instar des autres pays membres des Nations Unies, a été invité à formuler un plan national pour l'avancement de la condition féminine à la fois à l'intérieur de ses frontières et à l'échelle mondiale. Le Plan fédéral pour l'égalité entre les sexes constitue la réponse du Canada à cet appel et sa contribution à la réalisation des objectifs de la Plate-forme d'action mondiale qui doit être adoptée à la quatrième Conférence mondiale des Nations Unies sur les femmes qui se déroulera à Bejing, en Chine, en septembre 1995.»--Sommaire. |
| 500 | |aLe n° de catalogue et l’ISBN de l'édition imprimée bilingue ont été incorrectement copiés dans l’édition électronique. |
| 520 | 3 |aLe Canada, à l'instar des autres pays membres des Nations Unies, a été invité à formuler un plan national pour l'avancement de la condition féminine à la fois à l'intérieur de ses frontières et à l'échelle mondiale. Le Plan fédéral pour l'égalité entre les sexes constitue la réponse du Canada à cet appel et sa contribution à la réalisation des objectifs de la Plate-forme d'action mondiale qui doit être adoptée à la quatrième Conférence mondiale des Nations Unies sur les femmes qui se déroulera à Bejing, en Chine, en septembre 1995.--Sommaire |
| 590 | |a06-10-Supp|b2006-12-15 |
| 691 | 07|aPolitique gouvernementale|2gcpds |
| 691 | 07|aÉgalité des sexes|2gcpds |
| 691 | 07|aÉgalité des chances|2gcpds |
| 691 | 07|aÉquité en matière d'emploi|2gcpds |
| 775 | 08|tSetting the stage for the next century : |w(CaOODSP)9.688501 |
| 776 | 0#|tSetting the stage for the next century : |w(CaOODSP)9.657839 |
| 776 | 0#|tÄ l'aube du XXIe siècle : |w(CaOODSP)9.657840 |
| 856 | 40|ahttp://publications.gc.ca|qPDF|s211 Ko|uhttps://publications.gc.ca/collections/Collection/SW21-15-1995F.pdf |